[Event "50th World U20 ch"]
[Site "Chennai IND"]
[Date "2011.08.09"]
[Round "7.59"]
[White "Prasannaa, S."]
[Black "Herman, Jean"]
[Result "1/2-1/2"]
[WhiteElo "2032"]
[BlackElo "2105"]
[EventDate "2011.08.02"]
[PlyCount "78"]

1.e4 c5 2.Nf3 d6 3.d4 cxd4 4.Nxd4 Nf6 5.Nc3 g6 6.Be3 Bg7 7.f3 O-O 8.Qd2 
Nc6 9.O-O-O d5 10.exd5 Nxd5 11.Nxc6 bxc6 12.Bd4 Nxc3 13.Qxc3 Bh6+ 14.Be3 
Bxe3+ 15.Qxe3 Qb6 16.Qxe7 Be6 17.Qa3 Rad8 18.Ba6 c5 19.Be2 c4 20.f4 Rd4 
21.Rxd4 Qxd4 22.g3 Bf5 23.Qc3 Qf2 24.Qf3 Qb6 25.Bxc4 Rb8 26.Bb3 a5 27.a4 
Bd7 28.Re1 Bxa4 29.Qe3 Bxb3 30.Qxb6 Rxb6 31.cxb3 Rxb3 32.Re8+ Kg7 33.Ra8 
Rb5 34.Ra6 h6 35.Kc2 g5 36.fxg5 hxg5 37.g4 f5 38.gxf5 Rxf5 39.h3 Rb5 
1/2-1/2

[Event "50th World U20 ch"]
[Site "Chennai IND"]
[Date "2011.08.09"]
[Round "7.60"]
[White "Ghaledar, Faraz"]
[Black "Arun, J."]
[Result "0-1"]
[WhiteElo "2088"]
[BlackElo "2018"]
[EventDate "2011.08.02"]
[PlyCount "88"]

1.d4 d5 2.Nf3 Nf6 3.Bf4 e6 4.e3 c5 5.c3 Nc6 6.Nbd2 Bd6 7.Ne5 cxd4 8.exd4 
Bxe5 9.dxe5 Nd7 10.Qg4 Kf8 11.Nf3 Qb6 12.Rb1 d4 13.Bd3 Nc5 14.Bc2 d3 15.
Bd1 d2+ 16.Bxd2 Nd3+ 17.Ke2 Nxf2 18.Qf4 Nxh1 19.Be3 Qa6+ 20.Ke1 Qd3 21.Rc1
b6 22.Bc2 Qd8 23.Rd1 Qc7 24.Kf1 Ba6+ 25.Kg1 Rd8 26.Re1 Kg8 27.Kxh1 Ne7 28.
Qg4 Ng6 29.Bg5 Rd5 30.Bb3 h5 31.Qe4 Bd3 32.Qe3 Rd7 33.Nd4 Bc4 34.Bc2 Ne7 
35.Qg3 h4 36.Bxh4 Kf8 37.b3 Ba6 38.Qf2 Ke8 39.Re3 Rxd4 40.Bxe7 Rg4 41.Bd6 
Qc6 42.Rf3 Bb7 43.h3 Qxf3 44.gxf3 Rxh3+ 0-1

[Event "50th World U20 ch"]
[Site "Chennai IND"]
[Date "2011.08.10"]
[Round "8.7"]
[White "Rasulov, Vugar"]
[Black "Swiercz, Dariusz"]
[Result "0-1"]
[WhiteElo "2522"]
[BlackElo "2553"]
[EventDate "2011.08.02"]
[PlyCount "107"]

1.e4 c5 2.Nf3 d6 3.d4 cxd4 4.Nxd4 Nf6 5.Nc3 a6 6.h3 e6 7.g4 Nc6 8.Bg2 Nd7 
9.Be3 Be7 10.f4 Bh4+ 11.Kf1 Be7 12.Kf2 Nxd4 13.Qxd4 e5 14.Qd2 exf4 15.Bxf4
Ne5 16.Rhd1 Be6 17.Nd5 Bxd5 18.Qxd5 Qb6+ 19.Qd4 Qc7 20.Kg1 O-O 21.c3 Rad8 
22.Kh1 h6 23.Bg3 Bf6 24.Qd2 Nc4 25.Qe2 Be5 26.Bh4 Rc8 27.Rab1 Rfe8 28.Rf1 
d5 29.g5 hxg5 30.Bxg5 dxe4 31.Qxe4 Bf6 32.Qg4 Bxg5 33.Qxg5 Re5 34.Qf4 Qe7 
35.Rf3 Ne3 36.Rg1 Re8 37.Rg3 g6 38.Bf3 Kg7 39.Kh2 b6 40.h4 Qf6 41.Qxf6+ 
Kxf6 42.h5 Rh8 43.Rh3 g5 44.Kh1 Kf5 45.Be2 g4 46.Rh4 Kf4 47.Rgxg4+ Nxg4 
48.Rxg4+ Ke3 49.Rg2 f5 50.Kg1 f4 51.Rf2 Rg5+ 52.Kf1 Rg3 53.Bxa6 f3 54.Rh2 
0-1

[Event "50th World U20 ch"]
[Site "Chennai IND"]
[Date "2011.08.10"]
[Round "8.11"]
[White "Gireman, Jagadeesan"]
[Black "Martinovic, Sasa"]
[Result "0-1"]
[WhiteElo "2084"]
[BlackElo "2521"]
[EventDate "2011.08.02"]
[PlyCount "89"]

1.e4 c5 2.Nf3 Nc6 3.d4 cxd4 4.Nxd4 Nf6 5.Nc3 d6 6.h3 e6 7.Be3 Be7 8.Qd2 
O-O 9.O-O-O a6 10.g4 Nxd4 11.Bxd4 b5 12.Bg2 Bb7 13.f3 Rc8 14.Kb1 Nd7 15.f4
Qc7 16.g5 Nb6 17.e5 Nc4 18.Qe2 Bxg2 19.Qxg2 dxe5 20.fxe5 Bc5 21.Ne4 Bxd4 
22.Rxd4 Qxe5 23.c3 Rcd8 24.Rhd1 Ne3 25.Qd2 Nxd1 26.Rxd8 Qxe4+ 27.Ka1 f5 
28.gxf6 gxf6 29.Qxd1 Rxd8 30.Qxd8+ Kf7 31.Qc7+ Kg6 32.Qg3+ Kf5 33.a3 e5 
34.Qg8 Kf4 35.Qe6 f5 36.Qxa6 Qh1+ 37.Ka2 Qd5+ 38.Ka1 Qd1+ 39.Ka2 Qd5+ 40.
Ka1 e4 41.Qh6+ Kf3 42.Qh5+ Kf2 43.Qh4+ Ke2 44.Kb1 e3 45.Qxh7 0-1

[Event "50th World U20 ch"]
[Site "Chennai IND"]
[Date "2011.08.10"]
[Round "8.13"]
[White "Anwesh, Upadhyaya"]
[Black "Krejci, Jan jr"]
[Result "1/2-1/2"]
[WhiteElo "2429"]
[BlackElo "2503"]
[EventDate "2011.08.02"]
[PlyCount "120"]

1.c4 Nf6 2.g3 e6 3.Bg2 d5 4.Nf3 c6 5.Qc2 Bd6 6.d4 O-O 7.O-O Ne4 8.Nbd2 f5 
9.b3 Nd7 10.Bb2 Qe7 11.Ne5 Nxe5 12.dxe5 Bc5 13.e3 b6 14.Nf3 Bb7 15.Nd4 
Rac8 16.Rac1 Rfd8 17.Rfd1 h6 18.Qe2 Ba6 19.Qh5 Bxd4 20.exd4 dxc4 21.bxc4 
Qb4 22.Qe2 c5 23.f3 Ng5 24.h4 Nh7 25.Bf1 cxd4 26.Bxd4 Nf8 27.Bf2 Rxd1 28.
Qxd1 Qb2 29.Bd4 Qa3 30.Bf2 Rc7 31.Qd6 Qxd6 32.exd6 Rc6 33.Rc3 Rxd6 34.Ra3 
Bb7 35.c5 bxc5 36.Bxc5 Rd1 37.Bxa7 Bd5 38.Rc3 Bxa2 39.Kf2 Nd7 40.Be2 Rd6 
41.Ra3 Bd5 42.Be3 Nf6 43.Bf4 Rd7 44.Be5 Kf7 45.Rc3 Rb7 46.Rc7+ Rxc7 47.
Bxc7 g5 48.hxg5 hxg5 49.Be5 Nd7 50.Bd4 Bc6 51.Bc4 Ke7 52.Bd3 Kd6 53.Bb2 
Kd5 54.Bc2 Ne5 55.Bb3+ Kd6 56.Bxe5+ Kxe5 57.f4+ gxf4 58.gxf4+ Kxf4 59.Bxe6
Ba8 60.Bxf5 Kxf5 1/2-1/2

[Event "50th World U20 ch"]
[Site "Chennai IND"]
[Date "2011.08.10"]
[Round "8.15"]
[White "Salem, A. R. Saleh"]
[Black "Firat, Burak"]
[Result "1/2-1/2"]
[WhiteElo "2493"]
[BlackElo "2373"]
[EventDate "2011.08.02"]
[PlyCount "65"]

1.d4 d5 2.c4 c6 3.Nc3 Nf6 4.e3 g6 5.Nf3 Bg7 6.Bd3 O-O 7.h3 a6 8.O-O dxc4 
9.Bxc4 b5 10.Bb3 Nbd7 11.Qe2 c5 12.Rd1 Bb7 13.e4 cxd4 14.Nxd4 Qc7 15.Bg5 
h6 16.Bh4 Nc5 17.Rac1 Rad8 18.Nd5 Nxd5 19.Bxd5 Bxd5 20.exd5 Rxd5 21.Nb3 
Rh5 22.Bg3 Qb6 23.Nxc5 Rxc5 24.Qxe7 Rxc1 25.Rxc1 Bxb2 26.Bd6 Bg7 27.Rc7 
Qd4 28.a3 Kh7 29.g3 a5 30.Qd7 Rg8 31.Rb7 Qd1+ 32.Kh2 Qd2 33.Kg2 1/2-1/2

[Event "50th World U20 ch"]
[Site "Chennai IND"]
[Date "2011.08.10"]
[Round "8.16"]
[White "Nitin, Senthilvel"]
[Black "Shyam Sundar, M."]
[Result "0-1"]
[WhiteElo "2365"]
[BlackElo "2478"]
[EventDate "2011.08.02"]
[PlyCount "70"]

1.e4 e5 2.Nf3 Nc6 3.Nc3 Nf6 4.Bb5 Bc5 5.O-O O-O 6.Nxe5 Nxe5 7.d4 Bd6 8.
dxe5 Bxe5 9.Bd3 Re8 10.Bg5 h6 11.Bh4 Bxc3 12.bxc3 g5 13.Bg3 Nxe4 14.Qh5 
Qf6 15.f4 Qb6+ 16.Bf2 Nxf2 17.Rxf2 g4 18.Qxg4+ Kf8 19.Bh7 d5 20.f5 Bd7 21.
Qg8+ Ke7 22.Qg7 Qe3 23.c4 c6 24.Rd1 Qg5 25.Bg6 Kd6 26.cxd5 c5 27.h4 Qg4 
28.Rb1 fxg6 29.fxg6 b6 30.Qxh6 Rh8 31.Qg7 Qxh4 32.Rf6+ Kc7 33.Qe7 Qd4+ 34.
Kf1 Rh1+ 35.Ke2 Re8 0-1

[Event "50th World U20 ch"]
[Site "Chennai IND"]
[Date "2011.08.10"]
[Round "8.17"]
[White "Urkedal, Frode"]
[Black "Yanev, Tikhomir"]
[Result "1-0"]
[WhiteElo "2448"]
[BlackElo "2349"]
[EventDate "2011.08.02"]
[PlyCount "54"]

1.d4 d5 2.c4 c6 3.Nf3 Nf6 4.e3 e6 5.Nbd2 c5 6.cxd5 exd5 7.Ne5 Bd6 8.Bb5+ 
Ke7 9.O-O a6 10.Bd3 Re8 11.b3 cxd4 12.exd4 Kf8 13.Ndf3 Nc6 14.Nxc6 bxc6 
15.Qc2 Qc7 16.Bxh7 Ne4 17.Ne5 f6 18.f3 Qb6 19.Ng6+ Kf7 20.fxe4 Qxd4+ 21.
Kh1 Qxa1 22.Qxc6 Ra7 23.Qxd6 Qd4 24.e5 Be6 25.Nf4 Rd7 26.Bg6+ Kg8 27.Nxe6 
Qd3 1-0

[Event "50th World U20 ch"]
[Site "Chennai IND"]
[Date "2011.08.10"]
[Round "8.18"]
[White "Priyadharshan, Kannappan"]
[Black "Shimanov, Alexander"]
[Result "0-1"]
[WhiteElo "2376"]
[BlackElo "2586"]
[EventDate "2011.08.02"]
[PlyCount "80"]

1.e4 c5 2.Nf3 d6 3.d4 cxd4 4.Qxd4 Nc6 5.Bb5 Bd7 6.Bxc6 bxc6 7.O-O Bg4 8.
Qc3 Rc8 9.Bg5 h6 10.Bh4 Nf6 11.Nbd2 g5 12.Bg3 Bg7 13.e5 Nh5 14.Rfe1 Nxg3 
15.hxg3 O-O 16.Qa3 Rb8 17.exd6 Bxb2 18.Qxa7 exd6 19.Rad1 d5 20.Qa4 Qc8 21.
c4 Be6 22.Ne5 Rb6 23.Ndf3 Qb7 24.Qc2 Ra8 25.a4 Ra5 26.Nxg5 hxg5 27.Qd2 
Bxe5 28.Rxe5 Ra8 29.Qxg5+ Kf8 30.Rd4 Qe7 31.Qh6+ Ke8 32.Qh8+ Qf8 33.Qf6 
Kd7 34.f3 Rb1+ 35.Kf2 Qc5 36.Re3 Rxa4 37.cxd5 Ra2+ 38.Re2 Rxe2+ 39.Kxe2 
cxd5 40.Qf4 Qb5+ 0-1

[Event "50th World U20 ch"]
[Site "Chennai IND"]
[Date "2011.08.10"]
[Round "8.20"]
[White "Kunal, M."]
[Black "Goganov, Alexei"]
[Result "1-0"]
[WhiteElo "2298"]
[BlackElo "2489"]
[EventDate "2011.08.02"]
[PlyCount "63"]

1.e4 e5 2.Nf3 Nc6 3.Bb5 a6 4.Ba4 Nf6 5.O-O Be7 6.Re1 b5 7.Bb3 d6 8.c3 O-O 
9.d4 Bg4 10.Be3 exd4 11.cxd4 d5 12.e5 Ne4 13.Nc3 Nxc3 14.bxc3 Na5 15.Bc2 
Nc4 16.Qd3 g6 17.Bh6 Re8 18.h3 Be6 19.g4 a5 20.Nd2 Na3 21.f4 f5 22.exf6 
Bxf6 23.Nf3 Qd7 24.f5 Nxc2 25.Rxe6 Nxa1 26.Rxf6 Re4 27.fxg6 hxg6 28.Ne5 
Qe7 29.Rxg6+ Kh8 30.Rg7 Qxg7 31.Bxg7+ Kxg7 32.Qd2 1-0

[Event "50th World U20 ch"]
[Site "Chennai IND"]
[Date "2011.08.10"]
[Round "8.22"]
[White "Narayanan, Sunilduth Lyna"]
[Black "Stany, George Anthony"]
[Result "1-0"]
[WhiteElo "2233"]
[BlackElo "2435"]
[EventDate "2011.08.02"]
[PlyCount "51"]

1.e4 a6 2.c4 e5 3.Nf3 Nc6 4.Nc3 g6 5.d4 exd4 6.Nxd4 Bg7 7.Be3 Nge7 8.Qd2 
d6 9.O-O-O h6 10.Be2 Bd7 11.f4 Nxd4 12.Bxd4 f6 13.g4 Nc6 14.Be3 Be6 15.Qc2
Qe7 16.Kb1 O-O-O 17.Nd5 Qf7 18.f5 gxf5 19.gxf5 Bxd5 20.cxd5 Ne5 21.Rc1 h5 
22.Qa4 Qe8 23.Qa5 Rd7 24.Bb5 Qd8 25.Bxa6 c5 26.dxc6 1-0

[Event "50th World U20 ch"]
[Site "Chennai IND"]
[Date "2011.08.10"]
[Round "8.23"]
[White "Aravindh, Chithambaram"]
[Black "Ramnath Bhuvanesh"]
[Result "0-1"]
[WhiteElo "2212"]
[BlackElo "2422"]
[EventDate "2011.08.02"]
[PlyCount "118"]

1.e4 c5 2.Nf3 Nc6 3.d4 cxd4 4.Nxd4 e5 5.Nb5 d6 6.N1c3 a6 7.Na3 Be6 8.Nd5 
Nf6 9.Be3 Nxd5 10.exd5 Qa5+ 11.c3 Qxd5 12.Qxd5 Bxd5 13.Bb6 Be6 14.Be2 Be7 
15.O-O O-O 16.Nc2 Bd8 17.Be3 Bc7 18.f4 f6 19.g4 Rad8 20.f5 Bf7 21.g5 d5 
22.Bc5 Rfe8 23.gxf6 gxf6 24.Ne3 d4 25.Ng4 Kg7 26.Kf2 Bd6 27.Bxd6 Rxd6 28.
Rg1 Kf8 29.Nh6 Red8 30.Nxf7 Kxf7 31.Bc4+ Ke8 32.Rg7 R6d7 33.Rag1 Rxg7 34.
Rxg7 Rd7 35.Rg8+ Ke7 36.Be6 Rc7 37.c4 Nb4 38.Kf3 Nd3 39.b3 Nf4 40.Bc8 d3 
41.Ke3 Kd6 42.a3 a5 43.Rd8+ Kc6 44.Rg8 Kc5 45.Be6 Kd6 46.Bc8 a4 47.bxa4 
Rxc4 48.Bxb7 Rxa4 49.Rf8 Ke7 50.Ra8 Rd4 51.Bf3 d2 52.Ra7+ Kf8 53.Ra8+ Kg7 
54.Ra7+ Kh6 55.Bd1 Nd5+ 56.Kf2 Nc3 57.Bc2 d1=Q 58.Bxd1 Nxd1+ 59.Ke1 Nc3 
0-1

[Event "50th World U20 ch"]
[Site "Chennai IND"]
[Date "2011.08.10"]
[Round "8.25"]
[White "Praneeth Surya, K."]
[Black "Debashis, Das"]
[Result "1-0"]
[WhiteElo "2036"]
[BlackElo "2396"]
[EventDate "2011.08.02"]
[PlyCount "97"]

1.e4 c5 2.b4 d6 3.bxc5 dxc5 4.Nf3 Nf6 5.Nc3 Nc6 6.Rb1 g6 7.Bb5 Bd7 8.Ba3 
e6 9.e5 Qa5 10.exf6 Qxa3 11.Ba4 c4 12.Rxb7 Qc5 13.Qe2 Rd8 14.O-O Bh6 15.
Qe4 O-O 16.Qh4 Qh5 17.Qxh5 gxh5 18.Rxd7 Rxd7 19.Bxc6 Rd6 20.Be4 Bxd2 21.
Nb5 Rdd8 22.Nxa7 Bc3 23.Nc6 Rd6 24.Nfe5 Bxe5 25.Nxe5 Ra6 26.f4 Ra3 27.Nxc4
Rxa2 28.Rf3 h4 29.Bd3 Rc8 30.Ne5 Ra4 31.h3 Rd8 32.g3 Rdd4 33.gxh4 Rxf4 34.
Rg3+ Kf8 35.Bxh7 Rxf6 36.Nd7+ Ke7 37.Nxf6 Kxf6 38.Rg4 Ra1+ 39.Kg2 Ke7 40.
Bd3 f5 41.Rg3 Ra4 42.h5 Rh4 43.Rg7+ Kf6 44.Rg6+ Kf7 45.Rh6 Rf4 46.Kg3 Rd4 
47.Rh7+ Kf6 48.h6 e5 49.Rc7 1-0

[Event "50th World U20 ch"]
[Site "Chennai IND"]
[Date "2011.08.10"]
[Round "8.27"]
[White "Cori Tello, Jorge"]
[Black "Shreyans Shah, K."]
[Result "1-0"]
[WhiteElo "2514"]
[BlackElo "2203"]
[EventDate "2011.08.02"]
[PlyCount "59"]

1.d4 e6 2.c4 f5 3.g3 Nf6 4.Bg2 c6 5.Nh3 Bb4+ 6.Bd2 Be7 7.Nc3 d6 8.O-O e5 
9.dxe5 dxe5 10.e4 O-O 11.Be3 Qc7 12.Qe2 h6 13.exf5 Bxf5 14.f3 Qc8 15.Nf2 
Qe6 16.Rfe1 Nbd7 17.Rad1 Rfe8 18.h4 Bb4 19.g4 Bg6 20.Bh3 Nf8 21.g5 Bf5 22.
Bxf5 Qxf5 23.gxf6 Qxf6 24.Nfe4 Qxh4 25.Qh2 Qe7 26.Re2 Qf7 27.Rg2 Ng6 28.
Bxh6 Bxc3 29.bxc3 Rad8 30.Qh5 1-0

[Event "50th World U20 ch"]
[Site "Chennai IND"]
[Date "2011.08.10"]
[Round "8.28"]
[White "Tomazini, Zan"]
[Black "Petrisor, Adrian-Marian"]
[Result "0-1"]
[WhiteElo "2288"]
[BlackElo "2408"]
[EventDate "2011.08.02"]
[PlyCount "80"]

1.e4 c6 2.d4 d5 3.e5 Bf5 4.Nf3 e6 5.Be2 c5 6.Be3 Qb6 7.Nc3 Nc6 8.O-O Qxb2 
9.Nb5 c4 10.Nc7+ Kd7 11.Nxa8 Bxc2 12.Qc1 Ba3 13.Rb1 Bxb1 14.Qxb2 Bxb2 15.
Rxb1 c3 16.Bc1 Nge7 17.Bxb2 cxb2 18.Rxb2 Rb8 19.Bd3 h6 20.Kf1 Kc8 21.Nb6+ 
axb6 22.Rxb6 Ra8 23.Rb2 Ra3 24.Ke2 Kc7 25.h4 Nc8 26.g4 Nb6 27.Bb1 Na4 28.
Rc2 Nc3+ 29.Rxc3 Rxc3 30.Bh7 Ra3 31.Bg8 Rxa2+ 32.Ke3 b5 33.Bxf7 Kd7 34.g5 
b4 35.Bg6 b3 36.Bd3 Nb4 37.Bb1 Ra1 38.Nd2 Nc2+ 39.Ke2 Na3 40.gxh6 gxh6 0-1

[Event "50th World U20 ch"]
[Site "Chennai IND"]
[Date "2011.08.10"]
[Round "8.33"]
[White "Kuchynka, Lukas"]
[Black "Karma, Pandya"]
[Result "1-0"]
[WhiteElo "2339"]
[BlackElo "2136"]
[EventDate "2011.08.02"]
[PlyCount "89"]

1.d4 d5 2.c4 dxc4 3.e3 Nf6 4.Bxc4 e6 5.Nf3 a6 6.O-O c5 7.dxc5 Qxd1 8.Rxd1 
Bxc5 9.a3 O-O 10.b4 Be7 11.Bb2 Nc6 12.Nbd2 Rd8 13.Rac1 Bd7 14.Kf1 Be8 15.
Ke2 Rac8 16.Bb3 Kf8 17.g3 a5 18.b5 Nb8 19.a4 Nbd7 20.Nc4 Nc5 21.Rxd8 Rxd8 
22.Bc2 Nd5 23.Nd4 Nb4 24.f4 Nxc2 25.Rxc2 Nxa4 26.Nxa5 Ra8 27.Nab3 Nxb2 28.
Rxb2 Ra4 29.Rc2 Bd6 30.Nc5 Bxc5 31.Rxc5 Ra2+ 32.Kd3 Rxh2 33.Rc7 b6 34.Rb7 
Rg2 35.Rxb6 Bxb5+ 36.Rxb5 Rxg3 37.Nc6 g6 38.Rb7 g5 39.Ne5 f5 40.fxg5 Rxg5 
41.Rxh7 Rg1 42.Ke2 Rg2+ 43.Kf3 Rg1 44.Rh6 Ke7 45.Nc6+ 1-0

[Event "50th World U20 ch"]
[Site "Chennai IND"]
[Date "2011.08.10"]
[Round "8.38"]
[White "Srinath, Narayanan"]
[Black "Lokesh, P."]
[Result "1/2-1/2"]
[WhiteElo "2371"]
[BlackElo "2194"]
[EventDate "2011.08.02"]
[PlyCount "74"]

1.e4 c5 2.Nf3 d6 3.d4 cxd4 4.Nxd4 Nf6 5.Nc3 g6 6.Be3 Bg7 7.f3 O-O 8.Qd2 
Nc6 9.Bc4 Bd7 10.O-O-O Rc8 11.Bb3 Ne5 12.Kb1 Re8 13.h4 h5 14.g4 hxg4 15.h5
Nxh5 16.Rdg1 Rc5 17.Nd5 e6 18.fxg4 Nxg4 19.Rxg4 exd5 20.Nf5 Bxf5 21.exf5 
Qf6 22.Bd4 Qxf5 23.Rg5 Qe4 24.Bxc5 Qxh1+ 25.Rg1 Qh4 26.Bxa7 Nf4 27.Be3 Re4
28.c3 Nh3 29.Rf1 Qg3 30.Bb6 Rf4 31.Rd1 Nf2 32.Rf1 Nh3 33.Rd1 Nf2 34.Rf1 
Nh3 35.Rd1 d4 36.cxd4 Rf2 37.Qc1 Qg2 1/2-1/2

[Event "50th World U20 ch"]
[Site "Chennai IND"]
[Date "2011.08.10"]
[Round "8.39"]
[White "Pradeep Kumar, R. A."]
[Black "Ly, Moulthun"]
[Result "1-0"]
[WhiteElo "2245"]
[BlackElo "2369"]
[EventDate "2011.08.02"]
[PlyCount "85"]

1.Nf3 d6 2.d4 Nf6 3.g3 g6 4.c4 Bg7 5.Nc3 O-O 6.Bg2 Nc6 7.O-O a6 8.h3 Bd7 
9.e4 e5 10.dxe5 dxe5 11.Be3 Qc8 12.Kh2 Be6 13.b3 h6 14.Qc1 Kh7 15.Ne1 Nd7 
16.f4 f5 17.exf5 gxf5 18.Nd3 e4 19.Nf2 Nf6 20.Rd1 Rd8 21.Qc2 Kh8 22.Rxd8+ 
Qxd8 23.Rd1 Qe7 24.Ne2 Nb4 25.Qd2 b5 26.Nd4 Bd7 27.a3 Nc6 28.cxb5 Nxd4 29.
Bxd4 Bxb5 30.a4 Be8 31.Qa5 Qe6 32.b4 c6 33.Qc7 Bf7 34.Bxf6 Bxf6 35.Rd6 Qe7
36.Rd7 Qe8 37.Rxf7 Bd4 38.Re7 Qg6 39.Nh1 Rg8 40.g4 h5 41.g5 h4 42.Qd7 Bg7 
43.Nf2 1-0

[Event "50th World U20 ch"]
[Site "Chennai IND"]
[Date "2011.08.10"]
[Round "8.40"]
[White "Soors, Stef"]
[Black "Yashas, Devappa"]
[Result "1/2-1/2"]
[WhiteElo "2353"]
[BlackElo "2184"]
[EventDate "2011.08.02"]
[PlyCount "116"]

1.e4 c5 2.c3 d5 3.exd5 Qxd5 4.d4 g6 5.Nf3 Bg7 6.Na3 Nf6 7.Bc4 Qe4+ 8.Be3 
O-O 9.O-O cxd4 10.Bxd4 Nc6 11.Re1 Qf5 12.Nb5 a6 13.Nc7 Rb8 14.Nd5 Nxd5 15.
Bxg7 Kxg7 16.Qxd5 Rd8 17.Qxf5 Bxf5 18.Kf1 Kf6 19.h3 g5 20.Red1 h5 21.Ke1 
g4 22.hxg4 hxg4 23.Nd2 Ne5 24.Be2 Bc2 25.Rdc1 Nd3+ 26.Bxd3 Bxd3 27.Nb3 
Rbc8 28.Rd1 e5 29.f3 gxf3 30.gxf3 Bc4 31.Kf2 Rh8 32.Rh1 Rcd8 33.Ke3 Rdg8 
34.Na5 Bd5 35.c4 Bc6 36.Rad1 Rxh1 37.Rxh1 Ke6 38.Rh6+ f6 39.Rh7 Rg2 40.
Nxb7 Rxb2 41.Nd8+ Kd6 42.Rf7 Be8 43.Rxf6+ Ke7 44.Rxa6 Kxd8 45.Ke4 Bf7 46.
Ra8+ Kc7 47.Ra7+ Rb7 48.Ra5 Kc6 49.Kxe5 Bxc4 50.Kd4 Kb6 51.Ra8 Ba6 52.f4 
Rd7+ 53.Ke5 Rd2 54.a4 Re2+ 55.Kd6 Rd2+ 56.Ke5 Re2+ 57.Kd6 Rd2+ 58.Ke5 Re2+
1/2-1/2

[Event "50th World U20 ch"]
[Site "Chennai IND"]
[Date "2011.08.10"]
[Round "8.43"]
[White "Kourkoulos-Arditis, Stamatis"]
[Black "Sochacki, Wojtek"]
[Result "0-1"]
[WhiteElo "2123"]
[BlackElo "2316"]
[EventDate "2011.08.02"]
[PlyCount "113"]

1.e4 c5 2.Nf3 Nc6 3.d4 cxd4 4.Nxd4 g6 5.c4 Bg7 6.Be3 Nf6 7.Nc3 d6 8.Be2 
O-O 9.O-O Bd7 10.f4 Nxd4 11.Bxd4 Bc6 12.Bf3 Nd7 13.Bxg7 Kxg7 14.Kh1 Qb6 
15.Rb1 a5 16.Qd2 Nc5 17.f5 Nd7 18.Be2 f6 19.Rf3 Ne5 20.Rg3 g5 21.Rf1 Rh8 
22.b3 h6 23.Bh5 a4 24.Ne2 axb3 25.axb3 Ra3 26.Nd4 Bd7 27.h4 Qa5 28.Qc1 Ra2
29.hxg5 hxg5 30.Rxg5+ Kf8 31.Ne6+ Bxe6 32.fxe6 Qd2 33.Qxd2 Rxd2 34.Kg1 Rb2
35.c5 Rxb3 36.cxd6 exd6 37.Rxf6+ Ke7 38.Rf1 Kxe6 39.Bd1 Rb2 40.Rg3 Nc4 41.
Re1 b5 42.Rd3 Rg8 43.g4 Rh8 44.Re2 Rb1 45.Kg2 Ne5 46.Rd4 Nxg4 47.Kg3 Ne5 
48.Red2 Rg8+ 49.Kf4 Nc4 50.R2d3 Rb2 51.Bg4+ Ke7 52.Rc3 Rf2+ 53.Kg3 Rf1 54.
e5 Rg1+ 55.Kh4 dxe5 56.Rd7+ Ke8 57.Be6 0-1

[Event "50th World U20 ch"]
[Site "Chennai IND"]
[Date "2011.08.10"]
[Round "8.44"]
[White "Debashish, Dutta"]
[Black "Shreyansh, Daklia"]
[Result "1/2-1/2"]
[WhiteElo "2127"]
[BlackElo "2298"]
[EventDate "2011.08.02"]
[PlyCount "156"]

1.e4 e6 2.d4 d5 3.Nd2 c5 4.Ngf3 cxd4 5.Nxd4 Nf6 6.exd5 Qxd5 7.N2f3 a6 8.
Be2 e5 9.Nb3 Nc6 10.Be3 Bf5 11.c3 h6 12.O-O Be7 13.Re1 O-O 14.Qxd5 Nxd5 
15.Bc4 Rfd8 16.Bc5 Bf6 17.Rad1 Nf4 18.Bb6 Rxd1 19.Rxd1 Re8 20.h3 Ne7 21.
Rd8 Kf8 22.Rxe8+ Kxe8 23.Bc7 Nc6 24.Nc5 b5 25.Bf1 Bc8 26.a4 bxa4 27.Nxa6 
Nd5 28.Bb5 Kd7 29.Nb8+ Kxc7 30.Nxc6 Bd7 31.Na7 Bxb5 32.Nxb5+ Kc6 33.Na3 
Kc5 34.Nd2 Bg5 35.Ne4+ Kc6 36.Nc4 f6 37.Kf1 Bc1 38.Ke2 Bxb2 39.Nxb2 a3 40.
Nc4 a2 41.Na5+ Kb5 42.Nb3 Kc4 43.Nbd2+ Kb5 44.Nb3 Ka4 45.Na1 Ka3 46.Kd2 
Kb2 47.Nc2 f5 48.Nc5 e4 49.Na4+ Kb3 50.Nc5+ Kc4 51.Na4 Kb3 52.Nc5+ Kc4 53.
Nb7 g6 54.Na5+ Kc5 55.Na1 f4 56.N1b3+ Kd6 57.Nc4+ Ke6 58.Nd4+ Kf6 59.Nc2 
h5 60.Na1 g5 61.Nd6 e3+ 62.fxe3 Nxe3 63.Ne4+ Kf5 64.Nf2 Nxg2 65.c4 Ne3 66.
c5 g4 67.hxg4+ hxg4 68.c6 Nd5 69.Nd3 Ke4 70.Nb4 Nc7 71.Nxa2 g3 72.Nc3+ Kf3
73.Nc2 g2 74.Ne1+ Kf2 75.Ne4+ Kf1 76.Nxg2 Kxg2 77.Ng5 Nb5 78.Kd3 f3 
1/2-1/2

[Event "50th World U20 ch"]
[Site "Chennai IND"]
[Date "2011.08.10"]
[Round "8.45"]
[White "Aaron, Deepak"]
[Black "Akash Iyer, P. C."]
[Result "0-1"]
[WhiteElo "2288"]
[BlackElo "2069"]
[EventDate "2011.08.02"]
[PlyCount "70"]

1.e4 e5 2.Nf3 Nc6 3.Bb5 a6 4.Ba4 Nf6 5.Bxc6 dxc6 6.d3 Bd6 7.Nbd2 Qe7 8.b3 
Bg4 9.Bb2 Nd7 10.h3 Bh5 11.Nc4 f6 12.Ne3 Bf7 13.Qe2 g6 14.c3 a5 15.O-O a4 
16.b4 O-O 17.a3 c5 18.Nd2 b5 19.Ng4 Be6 20.bxc5 Nxc5 21.f4 exf4 22.d4 Nb3 
23.Nxb3 Bc4 24.Qf2 axb3 25.Rfe1 h5 26.Nxf6+ Qxf6 27.e5 Qg5 28.exd6 cxd6 
29.Bc1 Qf5 30.d5 Rae8 31.Re6 Rxe6 32.dxe6 Qxe6 33.Bxf4 b2 34.Re1 Rxf4 35.
Qd2 Qxe1+ 0-1

[Event "50th World U20 ch"]
[Site "Chennai IND"]
[Date "2011.08.10"]
[Round "8.46"]
[White "Yohan, J."]
[Black "Das, Sayantan"]
[Result "0-1"]
[WhiteElo "2017"]
[BlackElo "2246"]
[EventDate "2011.08.02"]
[PlyCount "66"]

1.e4 c5 2.Nf3 a6 3.c4 e6 4.Nc3 Qc7 5.d4 cxd4 6.Nxd4 Nf6 7.a3 b6 8.Be3 Bb7 
9.f3 d6 10.Rc1 Be7 11.Be2 O-O 12.O-O Nbd7 13.Qe1 Rac8 14.Qf2 Qb8 15.h3 
Rfe8 16.g4 h6 17.b4 Bd8 18.Rfd1 Ne5 19.Na4 d5 20.cxd5 Rxc1 21.Bxc1 exd5 
22.exd5 Nxd5 23.b5 Ng6 24.bxa6 Bh4 25.Qg2 Ndf4 26.Qf1 Nxe2+ 27.Nxe2 Bxa6 
28.Nac3 Qe5 29.Rd2 Qxc3 30.Nxc3 Bxf1 31.Kxf1 Re1+ 32.Kg2 Nf4+ 33.Kh2 Rxc1 
0-1

[Event "50th World U20 ch"]
[Site "Chennai IND"]
[Date "2011.08.10"]
[Round "8.47"]
[White "Sidhant, Mohapatra"]
[Black "Kozganbaev, Erken"]
[Result "1-0"]
[WhiteElo "2155"]
[BlackElo "2284"]
[EventDate "2011.08.02"]
[PlyCount "70"]

1.e4 c5 2.Nf3 e6 3.c4 Nc6 4.Nc3 a6 5.d4 cxd4 6.Nxd4 Qc7 7.Be3 d6 8.Be2 Nf6
9.O-O Be7 10.Rc1 Nb8 11.f4 Nbd7 12.b3 O-O 13.Bf3 Rb8 14.g4 b6 15.g5 Ne8 
16.Qe1 Bb7 17.Qg3 Qc8 18.Bg2 Nc7 19.f5 Re8 20.g6 hxg6 21.fxg6 fxg6 22.Bh3 
Bf6 23.Nd5 exd5 24.Rxf6 Nxf6 25.Bxc8 Rbxc8 26.Rf1 Kh7 27.Rxf6 gxf6 28.Qh4+
Kg8 29.Qxf6 Rxe4 30.Bh6 Ne8 31.Qxg6+ Kh8 32.Ne6 Rxe6 33.Qxe6 dxc4 34.Be3 
Kg7 35.Bf4 Kh7 1-0

[Event "50th World U20 ch"]
[Site "Chennai IND"]
[Date "2011.08.10"]
[Round "8.48"]
[White "Botta, Gabriele"]
[Black "Mastalerz, Xavier"]
[Result "1-0"]
[WhiteElo "2261"]
[BlackElo "2129"]
[EventDate "2011.08.02"]
[PlyCount "65"]

1.e4 e6 2.d4 d5 3.Nd2 Nf6 4.e5 Nfd7 5.Bd3 c5 6.c3 Nc6 7.Ne2 cxd4 8.cxd4 f6
9.exf6 Nxf6 10.O-O Bd6 11.Nf3 Qc7 12.g3 O-O 13.Bf4 e5 14.dxe5 Nxe5 15.Nxe5
Bxe5 16.Rc1 Qe7 17.Re1 Bg4 18.Qb3 Rae8 19.Nd4 Qd6 20.Bxe5 Rxe5 21.Qxb7 Ne4
22.Bxe4 dxe4 23.Qb3+ Kh8 24.Qe3 Rd5 25.Ne2 Bf3 26.Nf4 Rd4 27.Rc6 Qd7 28.
Rc7 Qd6 29.Qc3 Rd8 30.Ne2 Bxe2 31.Rxe2 Rd1+ 32.Kg2 Qd5 33.Qxg7# 1-0

[Event "50th World U20 ch"]
[Site "Chennai IND"]
[Date "2011.08.10"]
[Round "8.50"]
[White "Barbier, Sigiswald"]
[Black "Kathmale, Sameer"]
[Result "0-1"]
[WhiteElo "2088"]
[BlackElo "2211"]
[EventDate "2011.08.02"]
[PlyCount "82"]

1.c4 Nf6 2.g3 e6 3.Bg2 d5 4.Nf3 Be7 5.O-O O-O 6.b3 b6 7.Bb2 Bb7 8.e3 Nbd7 
9.Nc3 c5 10.cxd5 Nxd5 11.Nxd5 Bxd5 12.Qe2 Bf6 13.Bxf6 Qxf6 14.e4 Bb7 15.e5
Qe7 16.Rfd1 Rad8 17.Rac1 Bxf3 18.Bxf3 Qg5 19.Re1 Nb8 20.d3 Rd4 21.Be4 g6 
22.f4 Qe7 23.h4 Na6 24.h5 Rfd8 25.a3 b5 26.Rc2 c4 27.dxc4 Qxa3 28.hxg6 
hxg6 29.Qg4 Rxe4 30.Rxe4 Qxb3 31.Ree2 Nb4 32.Rb2 Qxc4 33.Qf3 a5 34.Kh2 Kg7
35.Qb7 Rh8+ 36.Kg2 Qc1 37.Qxb5 Qh1+ 38.Kf2 Nd5 39.g4 Rh2+ 40.Kg3 Rh3+ 41.
Kf2 Rf3# 0-1

[Event "50th World U20 ch"]
[Site "Chennai IND"]
[Date "2011.08.10"]
[Round "8.52"]
[White "Abhilash Reddy, M. L."]
[Black "Surendran, N."]
[Result "1/2-1/2"]
[WhiteElo "2109"]
[BlackElo "2187"]
[EventDate "2011.08.02"]
[PlyCount "107"]

1.d4 Nf6 2.Nc3 d5 3.Bg5 Nbd7 4.e3 g6 5.Bd3 Bg7 6.Nf3 O-O 7.h3 c5 8.O-O a6 
9.Ne5 h6 10.Bf4 g5 11.Bg3 cxd4 12.exd4 Qb6 13.Na4 Qa5 14.Nc3 Kh8 15.Qf3 e6
16.h4 gxh4 17.Bxh4 Qb4 18.Bxf6 Nxf6 19.Ne2 Kg8 20.c3 Qe7 21.Ng3 Nd7 22.
Rae1 Qg5 23.Qe2 Nxe5 24.dxe5 Bd7 25.Nh5 Bb5 26.Bxb5 axb5 27.f4 Qg6 28.a3 
Ra4 29.Qxb5 Rc4 30.Nxg7 Kxg7 31.Qxb7 Qg3 32.Re2 Rxf4 33.Rxf4 Qxf4 34.Qb6 
Qc1+ 35.Kh2 Rc8 36.Qe3 Qd1 37.Qf3 Rc4 38.Qf6+ Kg8 39.Re3 Rg4 40.Rg3 Rxg3 
41.Kxg3 Qd2 42.Qf3 Qxb2 43.a4 Qa1 44.Qg4+ Kh8 45.Qd4 Kg7 46.Qg4+ Kh8 47.
Qd4 Kg7 48.Kh2 Kg6 49.Qg4+ Kh7 50.Qb4 Qd1 51.Qd4 Qa1 52.Qb4 Qd1 53.Qd4 Qe1
54.Qf4 1/2-1/2